Histoire du verre : les chefs-d'oeuvre de l'Islam /

محفوظ في:

المؤلف الرئيسي: Du Pasquier, Jacqueline (مؤلف)

التنسيق: كتاب

اللغة: French

منشور في: Paris : Massin, c2007.

الموضوعات:

الوسوم: إضافة وسم

لا توجد وسوم, كن أول من يضع وسما على هذه التسجيلة!

رقم الطلب: NK5108.9 .D87 2007

LEADER 00739nam a22002297a 4500
003 OSt
005 20250915062437.0
008 250303s2007 fr a g b 000 0 fre d
010 |a 2007435533 
020 |a 9782707205322 
040 |c ARCE Library 
050 1 4 |a NK5108.9   |b .D87 2007 
100 1 |a Du Pasquier, Jacqueline,   |e author 
245 1 0 |a Histoire du verre :   |b les chefs-d'oeuvre de l'Islam /   |c Jacqueline du Pasquier. 
264 1 |a Paris :   |b Massin,   |c c2007. 
300 |a 157 pages :   |b illustrations (chiefly color) ;   |c 28 cm. 
504 |a Includes bibliographical references (p. 152-153). 
650 0 |a Islamic glass painting and staining. 
650 0 |a Islamic glassware. 
901 |a reviewed 
942 |c BK  |2 lcc 
999 |c 23883  |d 23883